| 000 | 00919cam a2200277 a 4500 | ||
|---|---|---|---|
| 001 | 953727 | ||
| 003 | OSt | ||
| 005 | 20180116183021.0 | ||
| 008 | 850416s1985 nyua 000 0 eng | ||
| 010 | _a 84052865 | ||
| 020 | _a0500013624 | ||
| 040 |
_aDLC _cDLC _dDLC _dOCoLC |
||
| 041 | 0 | _aengita | |
| 050 | 0 | 0 |
_aPQ4315.2 _b.P45 1985 |
| 082 | _a813.54 MAN 1986 | ||
| 100 | 0 |
_aDante Alighieri, _d1265-1321. |
|
| 240 | 1 | 0 |
_aInferno. _lEnglish |
| 245 | 1 | 0 |
_aDante's Inferno : _bthe first part of the Divine comedy of Dante Alighieri / _ctranslated and illustrated by Tom Phillips. |
| 260 |
_aNew York, N.Y. : _bThames and Hudson, _c1985. |
||
| 300 |
_a311 p. : _bill. (some col.) ; _c30 cm. |
||
| 500 | _a"Iconographical notes and commentary on the illustrations": p. 281-310. | ||
| 700 | 1 |
_aPhillips, Tom, _d1937- |
|
| 740 | 0 | _aInferno. | |
| 906 |
_a7 _bcbc _corignew _d2 _eocip _f19 _gy-gencatlg |
||
| 942 |
_2ddc _cBK |
||
| 999 |
_c350582 _d350582 |
||